[Event "56th World U20 ch"]
[Site "Tarvisio ITA"]
[Date "2017.11.17"]
[Round "5.31"]
[White "Vykouk, Jan"]
[Black "Xu Yining"]
[Result "1/2-1/2"]
[WhiteElo "2430"]
[BlackElo "2321"]
[EventDate "2017.11.13"]
[PlyCount "51"]

1.e4 d6 2.d4 Nf6 3.Nc3 g6 4.f4 Bg7 5.Nf3 O-O 6.Bd3 Nc6 7.e5 dxe5 8.dxe5 
Nd5 9.Bd2 Nxc3 10.Bxc3 Qd5 11.Qe2 Bf5 12.Bxf5 gxf5 13.O-O Rfd8 14.Qf2 e6 
15.Qh4 Rd7 16.Rae1 Rad8 17.g4 Ne7 18.Qh5 h6 19.g5 Ng6 20.gxh6 Nxf4 21.Qh4 
Ng6 22.Qh5 Nf4 23.Qh4 Ng6 24.Qh5 Nf4 25.Qh4 Ng6 26.Qh5 1/2-1/2

[Event "56th World U20 ch"]
[Site "Tarvisio ITA"]
[Date "2017.11.17"]
[Round "5.32"]
[White "Svane, Rasmus"]
[Black "Timerkhanov, Alexander"]
[Result "1-0"]
[WhiteElo "2587"]
[BlackElo "2312"]
[EventDate "2017.11.13"]
[PlyCount "113"]

1.d4 d5 2.c4 dxc4 3.e4 b5 4.a4 c6 5.axb5 cxb5 6.Nc3 a6 7.Nxb5 axb5 8.Rxa8 
Bb7 9.Ra2 e6 10.Ne2 Bxe4 11.b3 Bb4+ 12.Bd2 cxb3 13.Qxb3 Bd5 14.Qxb4 Bxa2 
15.Nc3 Bc4 16.Nxb5 Bxf1 17.Nd6+ Kf8 18.Nc8+ Ne7 19.Nxe7 Na6 20.Nc6+ Nxb4 
21.Bxb4+ Ke8 22.Nxd8 Bxg2 23.Rg1 Bd5 24.Ba5 g6 25.Rg4 Ke7 26.Rf4 f6 27.Rh4
h5 28.Rh3 Rxd8 29.Bxd8+ Kxd8 30.Ra3 Kc7 31.f4 g5 32.fxg5 fxg5 33.Kf2 h4 
34.Ra7+ Bb7 35.h3 Kb6 36.Ra1 Be4 37.Rg1 Bf5 38.Rxg5 Bxh3 39.Rh5 Kc6 40.
Rxh4 Bf5 41.Ke3 Kd6 42.Rh5 Ke7 43.Rh8 Kf6 44.Kf4 Bd3 45.Rh6+ Bg6 46.Rh3 
Bb1 47.Rf3 Bc2 48.Ra3 Bb1 49.Ra6 Bd3 50.Ra8 Bb1 51.Rf8+ Ke7 52.Rb8 Ba2 53.
Ke5 Bd5 54.Rb5 Kd8 55.Kd6 Ke8 56.Rc5 Kf7 57.Rxd5 1-0

[Event "56th World U20 ch"]
[Site "Tarvisio ITA"]
[Date "2017.11.17"]
[Round "5.33"]
[White "Vaibhav, Suri"]
[Black "Chen, Richard"]
[Result "1-0"]
[WhiteElo "2560"]
[BlackElo "2309"]
[EventDate "2017.11.13"]
[PlyCount "97"]

1.e4 c5 2.Nf3 e6 3.d4 cxd4 4.Nxd4 Nc6 5.Nc3 Qc7 6.Qd3 Nf6 7.Ndb5 Qb8 8.f4 
d6 9.Be3 a6 10.Nd4 Bd7 11.Be2 Be7 12.g4 Nxd4 13.Bxd4 e5 14.fxe5 dxe5 15.
Bb6 Bc6 16.O-O-O Nd7 17.Bf2 Nc5 18.Qf3 b6 19.h4 Qb7 20.Bc4 O-O 21.Bd5 Rac8
22.g5 Ne6 23.Kb1 Bb4 24.Ne2 Bc5 25.Bxc5 bxc5 26.c3 Rb8 27.Rd2 c4 28.g6 
fxg6 29.Qg4 Bxd5 30.exd5 Nf4 31.Nxf4 Rxf4 32.Qe2 Re8 33.h5 gxh5 34.Qxh5 g6
35.Qh3 Qf7 36.d6 Qf5+ 37.Qxf5 Rxf5 38.b3 Rf4 39.Re1 cxb3 40.axb3 e4 41.c4 
Rf3 42.Kc2 e3 43.c5 Kf7 44.Rd3 Rf2+ 45.Kc3 e2 46.c6 Rf5 47.c7 Rc5+ 48.Kd2 
a5 49.Rxe2 1-0

[Event "56th World U20 ch"]
[Site "Tarvisio ITA"]
[Date "2017.11.17"]
[Round "5.34"]
[White "Ladva, Ottomar"]
[Black "Nie Xinyang"]
[Result "1-0"]
[WhiteElo "2543"]
[BlackElo "2288"]
[EventDate "2017.11.13"]
[PlyCount "55"]

1.c4 c6 2.g3 d5 3.Bg2 Nf6 4.Nf3 Bg4 5.Ne5 Be6 6.cxd5 Bxd5 7.Nf3 e5 8.Nc3 
Bxf3 9.Bxf3 Nbd7 10.O-O Bc5 11.Rb1 Qe7 12.a3 a5 13.d3 O-O 14.Bd2 Rfd8 15.
Qc2 Bd6 16.Bg2 h6 17.Na4 b5 18.Nc3 Ra6 19.a4 b4 20.Nd1 c5 21.Ne3 Qe6 22.
Nc4 Bf8 23.Rfc1 Nd5 24.b3 Rb8 25.Ne3 Nxe3 26.Bxe3 Rc6 27.Bxc6 Qxc6 28.Qc4 
{... 68 moves} 1-0

[Event "56th World U20 ch"]
[Site "Tarvisio ITA"]
[Date "2017.11.17"]
[Round "5.35"]
[White "Sukovic, Andrej"]
[Black "Petrov, Martin"]
[Result "0-1"]
[WhiteElo "2306"]
[BlackElo "2431"]
[EventDate "2017.11.13"]
[PlyCount "44"]

1.e4 c5 2.Nf3 Nc6 3.d4 cxd4 4.Nxd4 e5 5.Nb5 d6 6.N5c3 a6 7.Na3 b5 8.Nd5 
Nf6 9.Bg5 Be7 10.Bxf6 Bxf6 11.c3 Bg5 12.Nc2 O-O 13.h4 Bh6 14.g3 Be6 15.a4 
bxa4 16.Rxa4 a5 17.Bb5 Ne7 18.Nxe7+ Qxe7 19.Bc6 Rab8 20.b4 Qc7 21.b5 Bb3 
22.Ra1 Rxb5 0-1

[Event "56th World U20 ch"]
[Site "Tarvisio ITA"]
[Date "2017.11.17"]
[Round "5.36"]
[White "Kumar, Gaurav"]
[Black "Gomez Sanchez, Jorge Marcos"]
[Result "1-0"]
[WhiteElo "2297"]
[BlackElo "2426"]
[EventDate "2017.11.13"]
[PlyCount "51"]

1.e4 c5 2.Nf3 Nc6 3.d4 cxd4 4.Nxd4 g6 5.Nc3 Bg7 6.Be3 Nf6 7.Bc4 O-O 8.Bb3 
d6 9.f3 Bd7 10.Qd2 Nxd4 11.Bxd4 b5 12.a4 bxa4 13.Nxa4 Be6 14.Bxe6 fxe6 15.
O-O Qc7 16.Nc3 Qc4 17.Rfd1 a6 18.Ra4 Qc6 19.Rda1 e5 20.Bf2 Qb7 21.Qd3 Rfb8
22.Nd1 d5 23.Rxa6 dxe4 24.fxe4 Nxe4 25.Rxa8 Rxa8 26.Qb3+ 1-0

[Event "56th World U20 ch"]
[Site "Tarvisio ITA"]
[Date "2017.11.17"]
[Round "5.37"]
[White "Vrolijk, Liam"]
[Black "Peng Hongchi"]
[Result "1/2-1/2"]
[WhiteElo "2425"]
[BlackElo "2223"]
[EventDate "2017.11.13"]
[PlyCount "209"]

1.d4 Nf6 2.c4 g6 3.Nc3 d5 4.cxd5 Nxd5 5.Bd2 Bg7 6.e4 Nxc3 7.Bxc3 O-O 8.Qd2
c6 9.Nf3 Bg4 10.Be2 Bxf3 11.Bxf3 e5 12.dxe5 Qxd2+ 13.Bxd2 Bxe5 14.O-O-O c5
15.Bh6 Re8 16.Be3 c4 17.Be2 c3 18.bxc3 Bxc3 19.Rd3 Bf6 20.f3 Na6 21.Kb1 b6
22.Rc1 Be7 23.Rd7 Nc5 24.Bxc5 bxc5 25.Kc2 a5 26.Rb1 Rad8 27.Ra7 Bg5 28.Bc4
Re7 29.Rxe7 Bxe7 30.Rb7 Rd4 31.Kc3 Bf6 32.Bxf7+ Kh8 33.Kc2 Bg5 34.g3 Rd2+ 
35.Kc3 Rxh2 36.f4 Bh6 37.e5 Rh3 38.Bd5 Bxf4 39.e6 Rxg3+ 40.Kc4 Re3 41.Kxc5
Bg5 42.Kd4 Re1 43.Be4 Kg8 44.e7 Rd1+ 45.Ke5 Kf7 46.Bd5+ Rxd5+ 47.Kxd5 Bxe7
48.Ra7 h5 49.Ke5 g5 50.Rxa5 h4 51.Ke4 g4 52.Kf4 g3 53.Kf3 Ke6 54.Rb5 Kd6 
55.a4 Kc6 56.Kg2 Bd8 57.Kh3 Be7 58.Rb8 Bd6 59.Rb1 Be7 60.a5 Bc5 61.a6 Bb6 
62.Rb2 Kc7 63.Kxh4 g2 64.Rxg2 Kb8 65.Rg7 Ka8 66.Kg4 Bf2 67.Kf5 Be3 68.Ke4 
Bf2 69.Kd5 Be3 70.Kc6 Bf2 71.Rb7 Be3 72.Kc7 Bf2 73.Kc6 Bg1 74.Kb5 Bf2 75.
Rf7 Be3 76.Rf3 Bd4 77.Rd3 Bf2 78.Rd7 Be3 79.Kc6 Bf2 80.Rb7 Be3 81.Kc7 Bf2 
82.Rb2 Be3 83.Re2 Bd4 84.Kc6 Bg1 85.Kd5 Bb6 86.Re1 Bf2 87.Ra1 Be3 88.Kc6 
Bf2 89.a7 Bxa7 90.Rd1 Bb8 91.Rd7 Bg3 92.Kb6 Bf2+ 93.Kb5 Bg1 94.Rg7 Bf2 95.
Rf7 Be3 96.Re7 Bg1 97.Kc6 Bh2 98.Kb6 Bg3 99.Rh7 Bf4 100.Re7 Bh2 101.Rg7 
Bf4 102.Ra7+ Kb8 103.Re7 Ka8 104.Re8+ Bb8 105.Re7 {... 140 moves} 1/2-1/2

[Event "56th World U20 ch"]
[Site "Tarvisio ITA"]
[Date "2017.11.17"]
[Round "5.38"]
[White "Peng Xiongjian"]
[Black "Tuomainen, Felix"]
[Result "1-0"]
[WhiteElo "2412"]
[BlackElo "2214"]
[EventDate "2017.11.13"]
[PlyCount "71"]

1.d4 Nf6 2.c4 e6 3.Nc3 Bb4 4.e3 O-O 5.Ne2 Re8 6.a3 Bf8 7.g3 a5 8.Bg2 Na6 
9.O-O d6 10.b4 e5 11.Bb2 c6 12.b5 Nb8 13.dxe5 dxe5 14.Qxd8 Rxd8 15.Rfd1 
Re8 16.Na4 Bg4 17.Kf1 Nbd7 18.bxc6 bxc6 19.Bxc6 Rac8 20.Bb5 Red8 21.Bc3 
Ra8 22.Be1 Bh3+ 23.Kg1 Bg4 24.Ra2 Nc5 25.Rxd8 Rxd8 26.Bxa5 Rd1+ 27.Kg2 e4 
28.Ng1 Nb3 29.Bb4 Bxb4 30.axb4 Nd2 31.Nc3 Bf3+ 32.Nxf3 exf3+ 33.Kh3 h5 34.
Nxd1 Nde4 35.Bc6 Ng5+ 36.Kh4 1-0

[Event "56th World U20 ch"]
[Site "Tarvisio ITA"]
[Date "2017.11.17"]
[Round "5.39"]
[White "Signorelli, Gaetano"]
[Black "Keymer, Vincent"]
[Result "1/2-1/2"]
[WhiteElo "2193"]
[BlackElo "2405"]
[EventDate "2017.11.13"]
[PlyCount "110"]

1.e4 c5 2.Nf3 e6 3.d4 cxd4 4.Nxd4 a6 5.Nc3 Qc7 6.Be2 Nf6 7.a3 b5 8.f4 d6 
9.Bf3 Bb7 10.O-O Nbd7 11.Qe2 Be7 12.g4 Nb6 13.g5 Nfd7 14.f5 e5 15.Nb3 Nc4 
16.Kh1 h6 17.gxh6 gxh6 18.Nd2 Bg5 19.Nxc4 Qxc4 20.Qxc4 bxc4 21.Rg1 Bxc1 
22.Raxc1 Rc8 23.Kg2 Ke7 24.Kf2 Ba8 25.Ke3 Rb8 26.Rb1 Rhc8 27.Rg7 Nf6 28.
Rg2 Rc7 29.Kd2 Rcb7 30.Na4 Rb5 31.Re2 Bc6 32.Kc1 Rg8 33.Kd2 a5 34.Nc3 Rb7 
35.b4 Rgb8 36.Na2 axb4 37.axb4 Nd7 38.Re3 Kf6 39.Ra3 Nc5 40.Ke3 Na4 41.b5 
Nc5 42.Rd1 Bxb5 43.Rxd6+ Ke7 44.Rxh6 Ba4 $11 45.Rc3 Rb2 46.Rxc4 Rxc2 47.
Rxc2 Bxc2 48.Nc3 Bb3 49.Rc6 Nd7 50.h4 Rb6 51.Rxb6 Nxb6 52.h5 Nd7 53.h6 Nf6
54.Nd5+ Bxd5 55.exd5 e4 $11 1/2-1/2

[Event "56th World U20 ch"]
[Site "Tarvisio ITA"]
[Date "2017.11.17"]
[Round "5.40"]
[White "Acosta, Pablo Ismael"]
[Black "Sezdbekov, Ruslan"]
[Result "1-0"]
[WhiteElo "2402"]
[BlackElo "2188"]
[EventDate "2017.11.13"]
[PlyCount "69"]

1.d4 Nf6 2.Bg5 d5 3.e3 e6 4.Bd3 Be7 5.Nd2 O-O 6.f4 b6 7.Qf3 h6 8.h4 c5 9.
g4 cxd4 10.exd4 Ba6 11.Bxa6 Nxa6 12.c3 Re8 13.Bxf6 Bxf6 14.g5 e5 15.fxe5 
hxg5 16.O-O-O Be7 17.Rf1 Rf8 18.Qd3 Qc8 19.hxg5 g6 20.e6 Qxe6 21.Qxa6 Bxg5
22.Nf3 Bf4 23.Qd3 Rae8 24.Nh4 Bh6 25.Ng2 Kg7 26.Nf4 Bxf4 27.Rxf4 Rh8 28.
Rhf1 Re7 29.Qg3 Rh3 30.Qg5 Qe2 31.Qf6+ Kg8 32.Rh4 Rxh4 33.Qxh4 Re8 34.Rh1 
Kf8 35.Qf6 1-0

[Event "56th World U20 ch"]
[Site "Tarvisio ITA"]
[Date "2017.11.17"]
[Round "5.41"]
[White "Mohammad, Nubairshah Shaikh"]
[Black "Bayramov, Elkhan"]
[Result "1-0"]
[WhiteElo "2394"]
[BlackElo "2065"]
[EventDate "2017.11.13"]
[PlyCount "93"]

1.Nf3 Nf6 2.d4 g6 3.c4 Bg7 4.Nc3 d6 5.e4 O-O 6.Be2 e5 7.O-O Nc6 8.d5 Ne7 
9.b4 Ne8 10.a4 f5 11.a5 Nf6 12.Bg5 h6 13.Bxf6 Rxf6 14.Nd2 f4 15.c5 g5 16.
Rc1 g4 17.Bxg4 Rg6 18.Bxc8 Rxc8 19.cxd6 cxd6 20.Qa4 Kh7 21.Nf3 Rc4 22.Qb3 
Qc8 23.g3 h5 24.Ne2 Rxc1 25.Rxc1 Qg4 26.Qd3 fxg3 27.fxg3 Nxd5 28.exd5 e4 
29.Qe3 exf3 30.Nf4 h4 31.Qe4 hxg3 32.h3 Qg5 33.Qxf3 Be5 34.Rc7+ Kh6 35.
Nxg6 Qxg6 36.Kg2 Qb1 37.Qf8+ Kg5 38.Qg8+ Kf4 39.Rf7+ Ke3 40.Qg5+ Kd4 41.
Qd2+ Kc4 42.Rc7+ Kb3 43.Qe2 b5 44.axb6 axb6 45.Qc4+ Kb2 46.b5 Ka3 47.Ra7+ 
1-0

[Event "56th World U20 ch"]
[Site "Tarvisio ITA"]
[Date "2017.11.17"]
[Round "5.42"]
[White "Pang Tao"]
[Black "Zhao Yuanhe"]
[Result "1/2-1/2"]
[WhiteElo "2192"]
[BlackElo "2377"]
[EventDate "2017.11.13"]
[PlyCount "80"]

1.Nf3 d5 2.d4 Nf6 3.c4 c6 4.e3 g6 5.Nc3 Bg7 6.Qb3 O-O 7.Bd2 e6 8.Bd3 b6 9.
Rd1 Bb7 10.e4 dxe4 11.Nxe4 c5 12.Nxf6+ Bxf6 13.dxc5 Bxf3 14.gxf3 Nc6 15.
Be4 Nd4 16.Qd3 bxc5 17.Bxa8 Qxa8 18.Bc3 Nxf3+ 19.Ke2 Nd4+ 20.Bxd4 Bxd4 21.
Qf3 Qb8 22.b3 a5 23.Kf1 Re8 24.h4 h5 25.Qe4 Qc7 26.Rg1 Kg7 27.Rd3 e5 28.
Rg5 Re6 29.Rdg3 Rf6 30.Rf3 Qc6 31.Qxc6 Rxc6 32.Ke2 Re6 33.Rg1 e4 34.Rf5 e3
35.f3 a4 36.Rd5 axb3 37.axb3 Ra6 38.Kd3 Ra2 39.Rxd4 Rd2+ 40.Kxe3 Rxd4 
1/2-1/2

[Event "56th World U20 ch"]
[Site "Tarvisio ITA"]
[Date "2017.11.17"]
[Round "5.43"]
[White "Doluweera, Minul Sanjula"]
[Black "Batsuren, Dambasuren"]
[Result "1-0"]
[WhiteElo "2154"]
[BlackElo "2352"]
[EventDate "2017.11.13"]
[PlyCount "55"]

1.d4 Nf6 2.c4 e6 3.Nf3 c5 4.e3 cxd4 5.exd4 d5 6.Nc3 Be7 7.Bd3 dxc4 8.Bxc4 
a6 9.a4 Nc6 10.O-O Nb4 11.Ne5 O-O 12.Re1 b6 13.Re3 Bb7 14.Rg3 Kh8 15.Rh3 
Nc6 16.Be3 Qc7 17.Ng4 Nxg4 18.Qxg4 g6 19.d5 Na5 20.Ba2 e5 21.Bg5 f6 22.
Rxh7+ Kxh7 23.Qh3+ Kg7 24.Bh6+ Kf7 25.d6+ Ke8 26.dxc7 Rh8 27.Qe6 Nc6 28.
Bd5 1-0

[Event "56th World U20 ch"]
[Site "Tarvisio ITA"]
[Date "2017.11.17"]
[Round "5.44"]
[White "Piyumantha, M. Sasith Nipun"]
[Black "Macovei, Andrei"]
[Result "0-1"]
[WhiteElo "2032"]
[BlackElo "2343"]
[EventDate "2017.11.13"]
[PlyCount "75"]

1.d4 Nf6 2.c4 e6 3.g3 c5 4.d5 exd5 5.cxd5 d6 6.Nc3 g6 7.Bg2 Bg7 8.Nf3 O-O 
9.O-O a6 10.a4 Nbd7 11.Nd2 Re8 12.h3 Rb8 13.Nc4 Ne5 14.Na3 Nh5 15.f4 Nxg3 
16.fxe5 Bxe5 17.Nc4 Bxc3 18.bxc3 Bxh3 19.Bxh3 Qh4 20.e3 Qxc4 21.Rf2 Ne4 
22.Rf4 Qxc3 23.Ra3 Qe5 24.Bg2 Nc3 25.Qc2 Ne2+ 26.Qxe2 Qxf4 27.Bb2 Qg5 28.
e4 Qxd5 29.Rd3 Qg5 30.Qf3 Re6 31.Rd5 Qe7 32.a5 b5 33.Qc3 Re5 34.Rd1 c4 35.
Ba3 Qa7+ 36.Kf1 b4 37.Rb1 Reb5 38.Qc2 {... 39 moves} 0-1

[Event "56th World U20 ch"]
[Site "Tarvisio ITA"]
[Date "2017.11.17"]
[Round "5.45"]
[White "Willathgamuwa, Kevin"]
[Black "Villegas, Franco"]
[Result "1-0"]
[WhiteElo "1996"]
[BlackElo "2328"]
[EventDate "2017.11.13"]
[PlyCount "69"]

1.e4 c5 2.c3 Nf6 3.e5 Nd5 4.d4 cxd4 5.cxd4 g6 6.Nf3 d6 7.Nc3 Nb6 8.exd6 
Qxd6 9.Nb5 Qd8 10.Bf4 Nd5 11.Be5 f6 12.Bg3 a6 13.Nc3 Nc6 14.Bc4 Be6 15.Qe2
Qd7 16.O-O Nxc3 17.bxc3 Bxc4 18.Qxc4 b5 19.Qe2 Bg7 20.a4 b4 21.d5 Qxd5 22.
Rfd1 Qf7 23.cxb4 O-O 24.Qe4 Rac8 25.Rac1 f5 26.Qc4 Qxc4 27.Rxc4 Nd4 28.
Rcxd4 Bxd4 29.Nxd4 Rfd8 30.Be5 Rc4 31.b5 Rxa4 32.bxa6 Rxa6 33.Rc1 Ra5 34.
Nf3 Rdd5 35.Rc8+ 1-0

[Event "56th World U20 ch"]
[Site "Tarvisio ITA"]
[Date "2017.11.17"]
[Round "5.46"]
[White "Abdulla, Murad"]
[Black "Hiebert, Kenji"]
[Result "1/2-1/2"]
[WhiteElo "2316"]
[BlackElo "2017"]
[EventDate "2017.11.13"]
[PlyCount "65"]

1.e4 c6 2.d4 d5 3.e5 Bf5 4.Nd2 e6 5.Nb3 Nd7 6.Nf3 c5 7.dxc5 Bxc5 8.Nxc5 
Nxc5 9.Be2 Ne7 10.O-O O-O 11.Be3 Nd7 12.Bg5 Bg6 13.c4 Be4 14.Nd2 h6 15.
Bxe7 Qxe7 16.Nxe4 dxe4 17.Qd4 Nc5 18.b4 Nd3 19.a3 Qc7 20.f4 Qc6 21.Bxd3 
exd3 22.Qxd3 Rfd8 23.Qc3 Rac8 24.Rac1 Qe4 25.Rf3 Rd4 26.c5 Rcd8 27.Qe3 
Rd1+ 28.Rxd1 Rxd1+ 29.Kf2 Qc2+ 30.Kg3 Qg6+ 31.Kf2 Qc2+ 32.Kg3 Qg6+ 33.Kf2 
1/2-1/2

[Event "56th World U20 ch"]
[Site "Tarvisio ITA"]
[Date "2017.11.17"]
[Round "5.47"]
[White "Sanal, Vahap"]
[Black "Ioannidis, Evgenios"]
[Result "1-0"]
[WhiteElo "2557"]
[BlackElo "2302"]
[EventDate "2017.11.13"]
[PlyCount "63"]

1.Nf3 d5 2.g3 Bg4 3.Bg2 Nd7 4.d3 e6 5.O-O Bd6 6.Nbd2 Ne7 7.c4 c6 8.b3 O-O 
9.Bb2 a5 10.a3 b5 11.Rc1 Qb6 12.Rc2 f6 13.d4 bxc4 14.bxc4 Qa7 15.e4 Rab8 
16.Qa1 Rfe8 17.Re1 f5 18.exd5 exd5 19.Re6 Bc7 20.Qe1 Bd8 21.cxd5 cxd5 22.
Ng5 Nf8 23.Bxd5 Nxd5 24.Rxe8 f4 25.Ne6 Be7 26.Qe5 Bd6 27.Rxb8 Bxb8 28.Rc8 
Qf7 29.Rxf8+ Qxf8 30.Qxd5 Bxe6 31.Qxe6+ Kh8 32.Kg2 1-0

[Event "56th World U20 ch"]
[Site "Tarvisio ITA"]
[Date "2017.11.17"]
[Round "5.48"]
[White "Harutiunian, Tigran"]
[Black "Tahay, Alexis"]
[Result "0-1"]
[WhiteElo "2508"]
[BlackElo "2285"]
[EventDate "2017.11.13"]
[PlyCount "98"]

1.d4 Nf6 2.Nf3 c5 3.d5 b5 4.Bg5 d6 5.e4 a6 6.Nbd2 g6 7.a4 b4 8.h3 Bg7 9.
Bd3 O-O 10.O-O h6 11.Be3 e6 12.dxe6 Bxe6 13.Nc4 Ra7 14.Qc1 Nxe4 15.Bxh6 
Qf6 16.Re1 d5 17.Nce5 Nd7 18.Bxe4 Nxe5 19.Nxe5 dxe4 20.Rxe4 Bf5 21.Bxg7 
Kxg7 22.Ng4 Bxg4 23.Rxg4 Re8 24.Rf4 Qd8 25.b3 Rae7 26.Rc4 Qd6 27.Qd1 Qe5 
28.Rb1 Re6 29.Qf1 Qf5 30.Rc1 Re2 31.g3 R8e4 32.c3 Rxc4 33.bxc4 Rc2 34.cxb4
cxb4 35.g4 Qe4 36.Rb1 a5 37.Qd1 Qxc4 38.Qe1 Qe2 39.Qxe2 Rxe2 40.Ra1 Rc2 
41.Kg2 Rc3 42.h4 Ra3 43.Rc1 Rxa4 44.Kf3 b3 45.Rb1 Rb4 46.Ke3 a4 47.Kd3 a3 
48.Kc3 a2 49.Re1 b2 0-1

[Event "56th World U20 ch"]
[Site "Tarvisio ITA"]
[Date "2017.11.17"]
[Round "5.49"]
[White "Urbanc, Peter"]
[Black "Schoppen, Casper"]
[Result "1-0"]
[WhiteElo "2290"]
[BlackElo "2432"]
[EventDate "2017.11.13"]
[PlyCount "89"]

1.f4 Nf6 2.Nf3 d5 3.e3 Bf5 4.b3 e6 5.Bb2 Be7 6.Be2 h6 7.O-O O-O 8.Ne5 Nfd7
9.Bd3 Bxd3 10.cxd3 Nxe5 11.fxe5 Nc6 12.d4 Nb4 13.a3 Nd3 14.Bc3 c5 15.Qe2 
c4 16.bxc4 dxc4 17.Bb4 Bxb4 18.axb4 b5 19.Nc3 a6 20.Rfb1 f6 21.exf6 Qxf6 
22.Ne4 Qg6 23.Nc5 Rf2 24.Qxf2 Nxf2 25.Kxf2 Qc2 26.Rd1 a5 27.bxa5 Rxa5 28.
Rxa5 Qxd1 29.Ra8+ Kh7 30.Nxe6 Qxd2+ 31.Kf3 Qd1+ 32.Ke4 Qd3+ 33.Kd5 g5 34.
Ra7+ Kg6 35.e4 Kh5 36.Ke5 Kg4 37.d5 b4 38.Rb7 c3 39.Nd4 c2 40.Rc7 b3 41.
Nf5 Kh5 42.h3 g4 43.hxg4+ Kxg4 44.Rg7+ Kh5 45.g4# 1-0

[Event "56th World U20 ch"]
[Site "Tarvisio ITA"]
[Date "2017.11.17"]
[Round "5.50"]
[White "Zhu Yi"]
[Black "Favaloro, Andrea"]
[Result "1-0"]
[WhiteElo "2432"]
[BlackElo "2260"]
[EventDate "2017.11.13"]
[PlyCount "65"]

1.Nf3 d5 2.d4 Nf6 3.c4 e6 4.g3 Bb4+ 5.Bd2 a5 6.Bg2 c6 7.Nc3 Nbd7 8.b3 O-O 
9.O-O b6 10.e4 dxe4 11.Ng5 Bb7 12.Ngxe4 Be7 13.Bf4 Nxe4 14.Nxe4 Nf6 15.Qc2
Nxe4 16.Qxe4 Bd6 17.Rac1 Bxf4 18.Qxf4 Qd7 19.c5 Rfd8 20.Rfd1 Rac8 21.h4 h6
22.a4 Rb8 23.Bf3 Ba6 24.b4 axb4 25.a5 Bb7 26.axb6 Ba6 27.d5 exd5 28.Bxd5 
Bb7 29.Bb3 Qe7 30.Rxd8+ Rxd8 31.h5 Re8 32.Rd1 Qf6 33.Qc7 {... 71 moves} 
1-0

[Event "56th World U20 ch"]
[Site "Tarvisio ITA"]
[Date "2017.11.17"]
[Round "5.51"]
[White "Huber, Martin Christian"]
[Black "Li, Henry"]
[Result "1/2-1/2"]
[WhiteElo "2396"]
[BlackElo "2168"]
[EventDate "2017.11.13"]
[PlyCount "137"]

1.Nf3 Nf6 2.g3 g6 3.b3 Bg7 4.Bb2 O-O 5.Bg2 d6 6.d4 Nc6 7.O-O e5 8.dxe5 Ng4
9.Qc1 Ngxe5 10.Nxe5 dxe5 11.Rd1 Bd7 12.Nc3 Qc8 13.Nd5 Re8 14.Qg5 h6 15.
Nf6+ Kh8 16.Qd2 Bxf6 17.Qxd7 Re7 18.Qxc8+ Rxc8 19.Ba3 Ree8 20.Rd7 e4 21.
Rad1 Kg7 22.Bh3 Rcd8 23.Rxd8 Rxd8 24.Rxd8 Bxd8 25.Bc8 Nd4 26.Bxb7 Nxe2+ 
27.Kf1 Nc3 28.Bb2 Bf6 29.a4 c5 30.Bxc3 Bxc3 31.Bxe4 c4 $11 32.bxc4 Bd4 33.
g4 Kf6 34.Bd5 Ke5 35.Bxf7 g5 36.Ke2 Bc5 37.a5 Kf4 38.h3 Ke4 39.a6 Kf4 40.
Bd5 Ke5 41.Kf3 Bd6 42.Ke3 Bc5+ 43.Ke2 Kf4 44.Bc6 Ke5 45.f3 Kf4 46.Kd3 Ke5 
47.Bd5 Bb4 48.Bb7 Bc5 49.Kc3 Kd6 50.Bd5 Ke5 51.Kb3 Kd6 52.Ka4 Bf2 53.Kb5 
Be3 54.Be4 Bd4 55.Bb7 Be3 56.c3 Bf2 57.h4 Bxh4 58.c5+ Kc7 59.Be4 Bg3 60.
Kc4 Bf4 61.Kd5 Bc1 62.Ke6 Bf4 63.Kf6 Bc1 64.Kg7 Bf4 65.Kxh6 Bc1 66.Kg6 Bf4
67.Kf5 Bc1 68.f4 Bxf4 69.Ke6 1/2-1/2

[Event "56th World U20 ch"]
[Site "Tarvisio ITA"]
[Date "2017.11.17"]
[Round "5.52"]
[White "Tasdogen, Dincer"]
[Black "Saiyn, Zhanat"]
[Result "1/2-1/2"]
[WhiteElo "2235"]
[BlackElo "2374"]
[EventDate "2017.11.13"]
[PlyCount "62"]

1.e4 g6 2.d4 Bg7 3.Nc3 d6 4.f4 a6 5.Nf3 b5 6.Bd3 Nd7 7.e5 c5 8.Be4 Rb8 9.
O-O b4 10.Ne2 Qc7 11.c3 Nh6 12.Ng3 bxc3 13.bxc3 f5 14.exd6 Qxd6 15.Bc2 
cxd4 16.cxd4 Bb7 17.Ne5 O-O 18.Qd3 Nxe5 19.fxe5 Qd7 20.Ne2 Rfd8 21.Be3 Ng4
22.Bb3+ Bd5 23.h3 Nxe3 24.Qxe3 Bxb3 25.axb3 Qb5 26.Rf3 Rb6 27.Rc1 Rc6 28.
Rxc6 Qxc6 29.Qc3 Rc8 30.Qxc6 Rxc6 31.Rc3 Rxc3 1/2-1/2

[Event "56th World U20 ch"]
[Site "Tarvisio ITA"]
[Date "2017.11.17"]
[Round "5.53"]
[White "Pavic, Filip"]
[Black "Tran Minh Thang"]
[Result "1/2-1/2"]
[WhiteElo "2228"]
[BlackElo "2361"]
[EventDate "2017.11.13"]
[PlyCount "64"]

1.e4 c5 2.Nf3 e6 3.d4 cxd4 4.Nxd4 a6 5.c4 Nf6 6.Nc3 Bb4 7.Qd3 Nc6 8.Nxc6 
dxc6 9.Qxd8+ Kxd8 10.e5 Nd7 11.Bf4 Bxc3+ 12.bxc3 Kc7 13.h4 a5 14.h5 a4 15.
h6 g6 16.O-O-O Ra5 17.Re1 a3 18.Rh3 b5 19.cxb5 cxb5 20.Bd2 Bb7 21.c4 Ra4 
22.cxb5 Kb6 23.Kb1 Rc8 24.Bc1 Be4+ 25.Ka1 Rc2 26.Be3+ Kb7 27.Rh4 g5 28.
Rxe4 Rxe4 29.Bd3 Rcc4 30.f3 Rxe3 31.Rxe3 Rc1+ 32.Bb1 Kb6 1/2-1/2

[Event "56th World U20 ch"]
[Site "Tarvisio ITA"]
[Date "2017.11.17"]
[Round "5.54"]
[White "Pangilinan, Stephen Rome"]
[Black "Dimic, Pavle"]
[Result "0-1"]
[WhiteElo "2183"]
[BlackElo "2357"]
[EventDate "2017.11.13"]
[PlyCount "184"]

1.e4 c5 2.c3 Nf6 3.e5 Nd5 4.d4 cxd4 5.Nf3 d6 6.exd6 Qxd6 7.cxd4 Nc6 8.Nc3 
Bg4 9.Be2 e6 10.h3 Bh5 11.O-O Be7 12.a3 O-O 13.Ne4 Qc7 14.b4 a6 15.Bb2 Nf4
16.Ng3 Nxe2+ 17.Qxe2 Bxf3 18.Qxf3 Rfd8 19.Qg4 Rd5 20.h4 g6 21.h5 Rad8 22.
hxg6 hxg6 23.Ne2 Bf6 24.Rad1 Qd6 25.Nc3 Rg5 26.Ne4 Rxg4 27.Nxf6+ Kf8 28.
Nxg4 Qf4 29.Ne3 Nxd4 30.g3 Qe4 31.Bxd4 Rxd4 32.Rc1 Kg7 33.Rc7 Qf3 34.Rc2 
Rd3 35.Nc4 Rd1 36.Ne3 Rxf1+ 37.Kxf1 Qh1+ 38.Ke2 Qa1 39.Nc4 b5 40.Nb2 Qxa3 
41.Nd3 a5 42.bxa5 Qxa5 43.Rb2 g5 44.g4 Qa4 45.Rb4 Qa2+ 46.Ke3 Qd5 47.f3 f5
48.gxf5 exf5 49.Ke2 Kf6 50.Rb1 g4 51.fxg4 fxg4 52.Rb4 Kg5 53.Nf2 Qf3+ 54.
Kf1 g3 55.Rxb5+ Kg6 56.Rb2 gxf2 57.Re2 Qd3 58.Kxf2 Kf5 59.Ke1 Qc3+ 60.Kd1 
Qb3+ 61.Kc1 Qa3+ 62.Kd1 Qa1+ 63.Kc2 Kf4 64.Kb3 Qd1+ 65.Rc2 Ke4 66.Kc3 Qd4+
67.Kb3 Kd3 68.Rc1 Qb6+ 69.Ka4 Qh6 70.Rc5 Qa6+ 71.Kb4 Qb6+ 72.Rb5 Qd4+ 73.
Ka5 Qa7+ 74.Kb4 Kd4 75.Kb3 Qa1 76.Rb4+ Kd3 77.Rh4 Qd1+ 78.Ka3 Qc1+ 79.Kb3 
Qc3+ 80.Ka4 Qc6+ 81.Ka5 Qa8+ 82.Kb4 Qf8+ 83.Kb3 Qf7+ 84.Ka4 Qd7+ 85.Ka3 
Qa7+ 86.Kb4 Qb7+ 87.Ka4 Qd7+ 88.Kb3 Qe6+ 89.Ka4 Kc3 90.Ka5 Qe5+ 91.Ka4 
Qe8+ 92.Ka3 Qe7+ 0-1

[Event "56th World U20 ch"]
[Site "Tarvisio ITA"]
[Date "2017.11.17"]
[Round "5.55"]
[White "Thilakarathne, G. M. H."]
[Black "Urazayev, Arystanbek"]
[Result "0-1"]
[WhiteElo "2141"]
[BlackElo "2349"]
[EventDate "2017.11.13"]
[PlyCount "116"]

1.e4 e5 2.Nf3 Nc6 3.Bb5 a6 4.Bxc6 dxc6 5.O-O Bg4 6.h3 Bh5 7.d3 f6 8.Be3 
Bd6 9.Nbd2 c5 10.c3 Ne7 11.Qc2 O-O 12.a3 Nc6 13.Rfe1 Qd7 14.Nh4 Rfd8 15.
Nf1 Bf8 16.Ng3 Bf7 17.Rad1 Be6 18.Nf3 Qf7 19.c4 Nd4 20.Nxd4 cxd4 21.Bd2 b5
22.Rc1 bxc4 23.dxc4 Rab8 24.Nf1 Rb7 25.b4 c5 26.Rb1 cxb4 27.Bxb4 Bxb4 28.
Rxb4 Rxb4 29.axb4 Bxc4 30.Nd2 Bb5 31.Rc1 h6 32.f3 Kh7 33.Kh2 Qg6 34.Qa2 
Qe8 35.Rc7 Rc8 36.Rxc8 Qxc8 37.f4 exf4 38.Qd5 Qd7 39.Qc5 d3 40.e5 Qf5 41.
Nf3 fxe5 42.Qd5 Be8 43.Nh4 Qh5 44.Qxd3+ Bg6 45.Nxg6 Qxg6 46.Qe2 e4 47.Kh1 
e3 48.Qc4 Qe8 49.Qe2 Qe4 50.Kh2 Kh8 51.h4 f3 52.gxf3 Qxh4+ 53.Kg2 Qf2+ 54.
Qxf2 exf2 55.Kxf2 Kg8 56.Ke3 Kf7 57.Kd4 Ke6 58.Kc5 h5 0-1

[Event "56th World U20 ch"]
[Site "Tarvisio ITA"]
[Date "2017.11.17"]
[Round "5.56"]
[White "Bischofberger, Dario"]
[Black "Zuo Yifan"]
[Result "0-1"]
[WhiteElo "2108"]
[BlackElo "2346"]
[EventDate "2017.11.13"]
[PlyCount "84"]

1.d4 Nf6 2.c4 e6 3.g3 Bb4+ 4.Bd2 Qe7 5.Bg2 O-O 6.Nf3 Bxd2+ 7.Qxd2 d6 8.Nc3
e5 9.O-O Re8 10.e4 Bg4 11.Ne1 Nc6 12.Nc2 exd4 13.Nxd4 Ne5 14.b3 c5 15.Nf5 
Qd7 16.f4 Bxf5 17.exf5 Nc6 18.Nd5 Nd4 19.Ne3 h5 20.Rfe1 Rad8 21.Qd3 Re7 
22.Nc2 Nxf5 23.Bxb7 Nxg3 24.Rxe7 Qxe7 25.Bf3 Nge4 26.Re1 Re8 27.Ne3 Qd7 
28.Nd5 Nxd5 29.Qxd5 Nf6 30.Rxe8+ Qxe8 31.Qxd6 Qe3+ 32.Kg2 h4 33.h3 Qe1 34.
f5 Qe3 35.a4 Qg5+ 36.Kh2 Qxf5 37.Bg2 g5 38.Kh1 Kg7 39.Qd1 g4 40.hxg4 Nxg4 
41.Qc1 Qe5 42.Qg1 Qg3 0-1

[Event "56th World U20 ch"]
[Site "Tarvisio ITA"]
[Date "2017.11.17"]
[Round "5.57"]
[White "Sadhwani, Raunak"]
[Black "De Vleeschauwer, Maarten"]
[Result "0-1"]
[WhiteElo "2339"]
[BlackElo "2139"]
[EventDate "2017.11.13"]
[PlyCount "58"]

1.e4 c5 2.Nf3 e6 3.d4 cxd4 4.Nxd4 Nc6 5.Nc3 Qc7 6.Be3 a6 7.Be2 Nf6 8.O-O 
Bb4 9.Na4 Be7 10.Nxc6 bxc6 11.Bb6 Qb8 12.Bf3 O-O 13.c4 d6 14.e5 dxe5 15.
Bxc6 Bb7 16.Bxb7 Qxb7 17.Qe1 Nd7 18.Ba5 Qc6 19.b3 e4 20.Rd1 Ne5 21.Qe2 f5 
22.f3 Bc5+ 23.Kh1 Nd3 24.Qc2 Bd4 25.Rd2 e5 26.Re2 Rf6 27.Bd2 Rg6 28.b4 
exf3 29.Rxf3 Qxf3 0-1